000 00473nam a2200193Ia 4500
008 160303s9999 xx 000 0 und d
020 _a971-725-084-7
050 _aFIL BC 108
050 _b.S56 2002 c.1
245 _aSimplified college logic /
245 _cArnel L. Malitao… [et al]
260 _aMakati City:
260 _bGrandwater Pub.
260 _c2002
300 _a155 pages :
300 _billustrations ;
300 _c22 cm.
650 _aLogic.
999 _c291180
_d291180